Responses for show #1565 - Friday, May 24, 1991

Contestants

Bill Puskas, a lawyer from Somerset, New Jersey

Archie Parker, a data management specialist from Merchantville, New Jersey

Mike Heberling, a marketing analyst originally from Temple, Pennsylvania (whose 1-day cash winnings total $13,999)

Jeopardy! Round responses

THE CABINET
LITERATURE
QUESTIONABLE SONGS
TOYS & GAMES
WORLD RELIGION
NOTABLE DAVISES
    $100 14
Department of State

Archie
    $100 13
Stephen King

Archie
    $100 8
(Bill: What is "Are You Lonely Tonight?")

"Are You Lonesome Tonight?"

ArchieBill
    $100 3
kisses

Bill
    $100 22
Voodoo

Bill
    $100 1
Sammy Davis, Jr.

Mike
    $200 15
Treasury

Mike
    $200 18
(Archie: Who is Richard Burton?)

Edward FitzGerald

Archie
Triple Stumper
    $200 9
"What's New Pussycat?"

Bill
    $200 4
(Mike: What is a lightning bug?)

glowworm

MikeArchie
    $200 23
Hinduism

Bill
    $200 2
Miles Davis

Bill
    $300 16
(Bill: What is the Department of the Interior?)

Department of Agriculture

Bill
Triple Stumper
    $300 19
Geoffrey Chaucer

Triple Stumper
    $300 10
[Archie's "You" instead of "Ya" was accepted.]

"Do Ya Think I'm Sexy?"

Archie
    $300 20
[The clue appeared as shown, with no apostrophe for "Pong".]

Atari

Bill
    $300 24
College of Cardinals

Archie
    $300 5
Willie Davis

Bill
    $400 17
Department of the Interior

Bill
    $400 11
"Who's Sorry Now?"

Archie
    $400 21
marble

Archie
    $400 25
Buddha

Archie
    $400 6
Marvin Davis

Bill
    $500 27
Health & Human Services

Archie
    $500 12
(Archie: What is "How Do You Mend a Broken Heart?")
(Alex: No.)
(Archie: "How Can".)
...
(Alex: You have to be very cautious, Archie, about blurting out a correct response after you have been ruled incorrect.)

"How Can You Mend A Broken Heart?" or "How Deep Is Your Love?"

ArchieBill
    $500 28
(2 of) rook, bishop or queen

Mike
    $1,000 26
(Archie: [After a long pause] What is I am the.)
(Alex: Say it.)

I am the Lord thy God

Archie
    $500 7
Angela Davis

Bill

Scores at the first commercial break (after clue 14):

Mike Archie Bill
-$100 $700 $2,100

Scores at the end of the Jeopardy! Round:

Mike Archie Bill
$600 $3,100 $2,800
The J! Archive is created by fans, for fans. The Jeopardy! game show and all elements thereof, including but not limited to copyright and trademark thereto, are the property of Jeopardy Productions, Inc. and are protected under law. This website is not affiliated with, sponsored by, or operated by Jeopardy Productions, Inc. Join the discussion at JBoard.tv.